Logo BPK

Biblioteka

Politechniki Koszalińskiej

Einstieg in die moderne Werkstoffwissenschaft / (Rekord nr 28262)

Szczegóły MARC
000 -ETYKIETA REKORDU
podpole kontrolne o stałej długości 00381nam a2200145 i 4500
001 - NUMER KONTROLNY REKORDU
pole kontrolne bg
040 ## - ŹRÓDŁO KATALOGOWANIA
Instytucja, która utworzyła rekord BPK
041 ## - KOD JĘZYKA
Kod języka tekstu pol
080 ## - UNIWERSALNA KLASYFIKACJA DZIESIĘTNA - UKD
UKD 532+533+669;620.2
008 - POLE O STAŁEJ DŁUGOŚCI - DANE KONTROLNE
podpole kontrolne o stałej długości s pl f |000 0 pol
100 1# - NAZWA OSOBOWA
Nazwa osobowa BROSTOW, Witold
245 #0 - TYTUŁ/ODPOWIEDZIALNOŚĆ
Tytuł Einstieg in die moderne Werkstoffwissenschaft /
Pozostałe elementy strefy tytułu i oznaczenia odpowiedzialności W. Brostow.
260 ## - STREFA ADRESU WYDAWNICZEGO
Miejsce wydania Leipzig :
Nazwa wydawcy/dystrybutora VEB Deutscher-Verlag,
Data publikacji, dystrybucji/powstania dokumentu 1984.
856 ## - LOKALIZACJA I DOSTĘP DO ELEKTRONICZNYCH DOKUMENTÓW ZDALNYCH
Link (URL) http://koha.tu.koszalin.pl/cgi-bin/koha/opac-detail.pl?biblionumber=28262
Tekst linku Katalog online BPK
942 ## - DODATKOWE ELEMENTY (KOHA)
Typ dokumentu Książka
Egzemplarze
Wycofany Status egzemplarza Uszkodzony Dostępność Lokalizacja stała Lokalizacja bieżąca Miejsce przechowywania Sygnatura Kod kreskowy Typ dokumentu Numer ubytku
      Dostępny Biblioteka Politechniki Koszalińskiej Biblioteka Politechniki Koszalińskiej Wypożyczalnia BG 32723 01927641 Książka  
  Egz. niedostępny   Niedostępny Biblioteka Politechniki Koszalińskiej Biblioteka Politechniki Koszalińskiej   32724 01577990 Książka 12435
© 2023 Biblioteka Politechniki Koszalińskiej :: KOHA